[Event "Manitoba-ch U18"]
[Site "Winnipeg CAN"]
[Date "1998.09.20"]
[Round "3"]
[White "Lipnowski, Michael"]
[Black "Piche, Jeremie"]
[Result "1-0"]
[WhiteElo "1663"]
[BlackElo "1655"]
[PlyCount "107"]
[GameId "2160767911806339"]
[EventDate "1998.09.19"]
[EventType "swiss"]
[EventRounds "4"]
[EventCountry "CAN"]
[SourceTitle "EXT 2002"]
[Source "ChessBase"]
[SourceDate "2001.11.25"]
[SourceVersion "1"]
[SourceVersionDate "2001.11.25"]
[SourceQuality "1"]

1. e4 c5 2. Nc3 Nc6 3. g3 g6 4. Bg2 Bg7 5. d3 e6 6. Be3 d6 7. f4 Nge7 8. Nf3 O-O 9. O-O a6 10. a4 Nd4 11. Qd2 Bd7 12. h3 Rb8 13. g4 f5 14. g5 b5 15. axb5 axb5 16. h4 b4 17. Nd1 b3 18. c3 Nc2 19. Rb1 Ra8 20. Ne1 Nxe3 21. Nxe3 Bc6 22. Qe2 d5 23. e5 d4 24. Nc4 Bxg2 25. Nxg2 Ra2 26. Qf3 Qa8 27. cxd4 Qxf3 28. Rxf3 cxd4 29. Rf2 Nd5 30. Ne1 Rc8 31. Rf3 Bf8 32. Kf1 Bc5 33. Ng2 Ba7 34. Ke1 Nb6 35. Kd2 Na4 36. Ke1 Nc5 37. Kd2 Na4 38. Ke1 Bc5 39. Kd1 Rb8 40. Ke1 Bb4+ 41. Kd1 Nc3+ 42. bxc3 Bxc3 43. Ne1 Rh2 44. Rf1 Ra8 45. Nf3 Rg2 46. Nfd2 Rg3 47. Rxb3 Rxd3 48. Kc2 Rxd2+ 49. Nxd2 Ra2+ 50. Kd3 Rxd2+ 51. Kc4 Rh2 52. Rfb1 Rb2 53. R3xb2 Bxb2 54. Rxb2 1-0

[Event "Manitoba-ch U18"]
[Site "Winnipeg CAN"]
[Date "1998.09.20"]
[Round "3"]
[White "Lipnowski, Samuel"]
[Black "Henson, Joshua"]
[Result "1/2-1/2"]
[WhiteElo "1926"]
[BlackElo "2075"]
[PlyCount "65"]
[GameId "2160767911806340"]
[EventDate "1998.09.19"]
[EventType "swiss"]
[EventRounds "4"]
[EventCountry "CAN"]
[SourceTitle "EXT 2002"]
[Source "ChessBase"]
[SourceDate "2001.11.25"]
[SourceVersion "1"]
[SourceVersionDate "2001.11.25"]
[SourceQuality "1"]

1. e4 e6 2. d4 d5 3. exd5 exd5 4. Bd3 Nc6 5. c3 Bd6 6. Nf3 Nge7 7. Bg5 Bg4 8. O-O Qd7 9. Nbd2 O-O-O 10. b4 f6 11. Bh4 Ng6 12. Bg3 Nf4 13. Bxf4 Bxf4 14. Qc2 Kb8 15. a4 g5 16. a5 Ne7 17. b5 b6 18. axb6 cxb6 19. Ra6 Rc8 20. Rfa1 Rc7 21. Qa2 Nc8 22. Qb2 h5 23. Ne1 h4 24. Bf1 Bf5 25. Nd3 Bxd3 26. Bxd3 Qd6 27. Nf1 Qd7 28. Qb1 Rb7 29. Bf5 Qf7 30. Bg6 Qd7 31. Bf5 Qc7 32. Qb3 Ne7 33. Bd3 1/2-1/2

[Event "Manitoba-ch U18"]
[Site "Winnipeg CAN"]
[Date "1998.09.20"]
[Round "3"]
[White "Walker, Sean"]
[Black "Gushuliak, Justin"]
[Result "1/2-1/2"]
[WhiteElo "1505"]
[BlackElo "2001"]
[PlyCount "92"]
[GameId "2160767911806341"]
[EventDate "1998.09.19"]
[EventType "swiss"]
[EventRounds "4"]
[EventCountry "CAN"]
[SourceTitle "EXT 2002"]
[Source "ChessBase"]
[SourceDate "2001.11.25"]
[SourceVersion "1"]
[SourceVersionDate "2001.11.25"]
[SourceQuality "1"]

1. e4 c5 2. Nf3 Nc6 3. Bb5 e6 4. Nc3 a6 5. Bxc6 bxc6 6. d3 d5 7. e5 Ne7 8. Bg5 h6 9. Bh4 Qc7 10. Bg3 Rb8 11. Qc1 Nf5 12. Bf4 Be7 13. O-O a5 14. Rb1 Ba6 15. Qd2 c4 16. d4 c5 17. Rfe1 cxd4 18. Nxd4 Nxd4 19. Qxd4 Qc5 20. Qxc5 Bxc5 21. Na4 Bb4 22. c3 Be7 23. Be3 Bb5 24. Nc5 Rc8 25. Nb7 Kd7 26. Bf4 Rhe8 27. Nd6 Bxd6 28. exd6 f6 29. Bg3 e5 30. Rbd1 Kxd6 31. f4 Re6 32. Rd2 g5 33. f5 Re7 34. h3 Rb7 35. Red1 Bc6 36. Re2 Rcb8 37. Rdd2 Bd7 38. Rf2 Kc5 39. Bh2 a4 40. a3 Be8 41. g4 Rd8 42. Rfe2 Re7 43. Kg2 Bf7 44. Re1 Rd6 45. Red1 Rb6 46. Bg1+ d4 1/2-1/2

[Event "Manitoba-ch U18"]
[Site "Winnipeg CAN"]
[Date "1998.09.20"]
[Round "4"]
[White "Gushuliak, Justin"]
[Black "Lipnowski, Samuel"]
[Result "1-0"]
[WhiteElo "2001"]
[BlackElo "1926"]
[PlyCount "97"]
[GameId "2160767911806342"]
[EventDate "1998.09.19"]
[EventType "swiss"]
[EventRounds "4"]
[EventCountry "CAN"]
[SourceTitle "EXT 2002"]
[Source "ChessBase"]
[SourceDate "2001.11.25"]
[SourceVersion "1"]
[SourceVersionDate "2001.11.25"]
[SourceQuality "1"]

1. e4 c5 2. Nf3 e6 3. c3 d5 4. e5 Nc6 5. d4 Qb6 6. a3 Nge7 7. b4 cxd4 8. cxd4 Nf5 9. Bb2 Bd7 10. b5 Na5 11. Nc3 Be7 12. Na4 Qd8 13. Rc1 Rc8 14. Bd3 Rxc1 15. Qxc1 Nb3 16. Qc3 Qa5 17. Qxa5 Nxa5 18. O-O O-O 19. Nc3 Nh4 20. Nxh4 Bxh4 21. f4 Rc8 22. Rf3 Be7 23. Kf2 Nc4 24. Bxc4 Rxc4 25. Rd3 Bxb5 26. Nxb5 Rc2+ 27. Kf3 Rxb2 28. Nxa7 Ra2 29. Nb5 Rb2 30. Nd6 b5 31. Rc3 h5 32. Rc7 Rb3+ 33. Ke2 Bf8 34. Nxf7 Rxa3 35. Ng5 Ra2+ 36. Kf3 Ra3+ 37. Kf2 Ra2+ 38. Kg3 h4+ 39. Kxh4 Rxg2 40. Rc8 Rxh2+ 41. Kg3 Rh6 42. Re8 Rg6 43. Kf3 Rxg5 44. fxg5 Kf7 45. Rb8 b4 46. g6+ Ke7 47. Rxb4 Kd7 48. Rb7+ Kc6 49. Rf7 1-0

[Event "Manitoba-ch U18"]
[Site "Winnipeg CAN"]
[Date "1998.09.20"]
[Round "4"]
[White "Henson, Joshua"]
[Black "Lipnowski, Michael"]
[Result "1-0"]
[WhiteElo "2075"]
[BlackElo "1663"]
[PlyCount "103"]
[GameId "2160767911806343"]
[EventDate "1998.09.19"]
[EventType "swiss"]
[EventRounds "4"]
[EventCountry "CAN"]
[SourceTitle "EXT 2002"]
[Source "ChessBase"]
[SourceDate "2001.11.25"]
[SourceVersion "1"]
[SourceVersionDate "2001.11.25"]
[SourceQuality "1"]

1. e4 c5 2. Nf3 d6 3. d4 cxd4 4. Qxd4 Nf6 5. e5 dxe5 6. Qxd8+ Kxd8 7. Bc4 e6 8. Nxe5 Ke8 9. Bb5+ Bd7 10. Nxd7 Nbxd7 11. Nc3 a6 12. Be2 Bb4 13. Bd2 Ke7 14. Bf3 Rab8 15. a3 Bd6 16. Ne4 Nxe4 17. Bxe4 Nf6 18. Bf3 h6 19. O-O-O b5 20. Rhe1 Rhc8 21. Be3 Bc5 22. Bf4 Rb6 23. Re2 Rd8 24. Bc7 Rxd1+ 25. Kxd1 Nd7 26. Bxb6 Nxb6 27. Kc1 Nc4 28. Be4 Kd6 29. Bd3 Kd5 30. Bxc4+ bxc4 31. f3 a5 32. Rd2+ Kc6 33. Rd8 c3 34. a4 cxb2+ 35. Kxb2 Be7 36. Ra8 Kb6 37. Kc3 Bh4 38. Kc4 Be7 39. Rg8 Bf6 40. Rf8 Kc6 41. Rxf7 Kb6 42. Rf8 Kc6 43. Ra8 Kb6 44. Re8 e5 45. Kd5 Kc7 46. Re6 Kd7 47. Ra6 Bd8 48. h3 Bc7 49. Rg6 Ke7 50. Rxg7+ Kd8 51. Rxc7 Kxc7 52. Kxe5 1-0

[Event "Manitoba-ch U18"]
[Site "Winnipeg CAN"]
[Date "1998.09.20"]
[Round "4"]
[White "Piche, Jeremie"]
[Black "Walker, Sean"]
[Result "0-1"]
[WhiteElo "1655"]
[BlackElo "1505"]
[PlyCount "90"]
[GameId "2160767911806344"]
[EventDate "1998.09.19"]
[EventType "swiss"]
[EventRounds "4"]
[EventCountry "CAN"]
[SourceTitle "EXT 2002"]
[Source "ChessBase"]
[SourceDate "2001.11.25"]
[SourceVersion "1"]
[SourceVersionDate "2001.11.25"]
[SourceQuality "1"]

1. e4 e5 2. Nf3 Nc6 3. Bb5 d6 4. d4 Bd7 5. O-O Nf6 6. Re1 Be7 7. d5 Na5 8. Bxd7+ Nxd7 9. Nbd2 b6 10. Nf1 O-O 11. Ng3 Nb7 12. Nf5 Bf6 13. h4 g6 14. Nh6+ Kg7 15. Ng4 Kh8 16. Bh6 Bg7 17. Qd2 Rg8 18. Ng5 Qf8 19. Bxg7+ Rxg7 20. Nh6 Nf6 21. Re3 Nc5 22. Qe2 Qe7 23. Kh1 Rf8 24. Rg1 Nfxe4 25. Nxe4 Qxh4+ 26. Rh3 Qxe4 27. Qxe4 Nxe4 28. Rf3 f5 29. Re1 Ng5 30. Ra3 a5 31. Rg3 Nf7 32. Nxf7+ Rgxf7 33. Rc3 Re8 34. Rc6 e4 35. f3 Re5 36. fxe4 Rxe4 37. Rxe4 fxe4 38. Rc3 Re7 39. Kg1 Rd7 40. Kf2 Kg7 41. Ke3 Re7 42. Rc4 Kf6 43. Kf4 e3 44. Kf3 e2 45. Rf4+ Kg7 0-1

[Event "Manitoba-ch reserves"]
[Site "Winnipeg CAN"]
[Date "1998.02.14"]
[Round "1"]
[White "Gannon, Keith"]
[Black "Sekhar, Ganesan"]
[Result "0-1"]
[WhiteElo "1661"]
[BlackElo "1967"]
[PlyCount "104"]
[GameId "2160767911873928"]
[EventDate "1998.02.14"]
[EventType "swiss"]
[EventRounds "5"]
[EventCountry "CAN"]
[SourceTitle "EXT 2002"]
[Source "ChessBase"]
[SourceDate "2001.11.25"]
[SourceVersion "1"]
[SourceVersionDate "2001.11.25"]
[SourceQuality "1"]

1. c4 e5 2. Nc3 Nf6 3. d3 c6 4. Nf3 d6 5. e4 Nbd7 6. Be2 Be7 7. Bd2 O-O 8. Qc2 Re8 9. O-O-O Nf8 10. d4 Ng6 11. g3 Ng4 12. Rdf1 Bd7 13. h3 Nf6 14. g4 h6 15. g5 hxg5 16. Bxg5 Qa5 17. dxe5 Nxe5 18. Nxe5 Qxe5 19. f4 Qc5 20. h4 Rac8 21. h5 b5 22. h6 g6 23. f5 Kh7 24. fxg6+ fxg6 25. Bxf6 Bxf6 26. Kd1 b4 27. Qd3 Qe5 28. Na4 Re7 29. Rf2 c5 30. Qc2 Qd4+ 31. Bd3 Bxa4 32. b3 Qa1+ 33. Qb1 Qxb1+ 34. Bxb1 Bd4 35. Rg2 Bc6 36. Rh4 Rf8 37. Bd3 Be5 38. Rhg4 Rf6 39. Rh4 Ref7 40. Ke2 Rf4 41. Rxf4 Rxf4 42. Rf2 Rxf2+ 43. Kxf2 Kxh6 44. Kf3 Kg5 45. Bb1 Bd7 46. Kg2 Kf4 47. Bc2 Ke3 48. Bb1 Bg4 49. Kf1 Kd2 50. Kf2 g5 51. Kg2 Kc1 52. Bd3 Kb2 0-1

[Event "Manitoba-ch reserves"]
[Site "Winnipeg CAN"]
[Date "1998.02.14"]
[Round "1"]
[White "Pearce, Thomas"]
[Black "Agusti, Marcos"]
[Result "1-0"]
[WhiteElo "1838"]
[BlackElo "1671"]
[PlyCount "41"]
[GameId "2160767911873929"]
[EventDate "1998.02.14"]
[EventType "swiss"]
[EventRounds "5"]
[EventCountry "CAN"]
[SourceTitle "EXT 2002"]
[Source "ChessBase"]
[SourceDate "2001.11.25"]
[SourceVersion "1"]
[SourceVersionDate "2001.11.25"]
[SourceQuality "1"]

1. d4 Nf6 2. c4 d5 3. Nc3 c6 4. e3 Bf5 5. Bd3 Bg6 6. Nge2 e6 7. O-O Bd6 8. f4 dxc4 9. Bxc4 b5 10. Bd3 Qc7 11. Ng3 Bxd3 12. Qxd3 Na6 13. Nce4 Nxe4 14. Nxe4 Be7 15. Bd2 Rd8 16. Rac1 Qb6 17. f5 e5 18. f6 gxf6 19. Nxf6+ Kf8 20. Qf5 Bxf6 21. Qxf6 1-0

[Event "Manitoba-ch reserves"]
[Site "Winnipeg CAN"]
[Date "1998.02.14"]
[Round "1"]
[White "Xia, Yanchong"]
[Black "Penner, Wesley"]
[Result "0-1"]
[WhiteElo "1323"]
[BlackElo "1791"]
[PlyCount "66"]
[GameId "2160767911873930"]
[EventDate "1998.02.14"]
[EventType "swiss"]
[EventRounds "5"]
[EventCountry "CAN"]
[SourceTitle "EXT 2002"]
[Source "ChessBase"]
[SourceDate "2001.11.25"]
[SourceVersion "1"]
[SourceVersionDate "2001.11.25"]
[SourceQuality "1"]

1. e4 e6 2. d4 d5 3. e5 c5 4. Nf3 Bd7 5. Be2 b5 6. b3 c4 7. Bb2 a5 8. O-O a4 9. Nc3 a3 10. Bc1 b4 11. Nb1 c3 12. Re1 Ne7 13. Bg5 h6 14. Bh4 Qb6 15. Qd3 Nf5 16. Bg3 Nc6 17. Rd1 Be7 18. Nxc3 bxc3 19. Qxc3 Rc8 20. Qd2 O-O 21. Rac1 Rc7 22. c4 Bb4 23. Qd3 dxc4 24. bxc4 Rfc8 25. Rb1 Nxg3 26. hxg3 Ne7 27. Ne1 Rxc4 28. Qxc4 Rxc4 29. Bxc4 Qa5 30. Rdc1 Nc6 31. Nd3 Bd2 32. Rb5 Qa4 33. Rcb1 Qxc4 0-1

[Event "Manitoba-ch reserves"]
[Site "Winnipeg CAN"]
[Date "1998.02.14"]
[Round "2"]
[White "Cleto, Sam"]
[Black "Gushuliak, Justin"]
[Result "1-0"]
[WhiteElo "1867"]
[BlackElo "1754"]
[PlyCount "95"]
[GameId "2160767911873931"]
[EventDate "1998.02.14"]
[EventType "swiss"]
[EventRounds "5"]
[EventCountry "CAN"]
[SourceTitle "EXT 2002"]
[Source "ChessBase"]
[SourceDate "2001.11.25"]
[SourceVersion "1"]
[SourceVersionDate "2001.11.25"]
[SourceQuality "1"]

1. e4 c5 2. Nf3 d6 3. d4 cxd4 4. Nxd4 Nf6 5. Nc3 a6 6. Be2 e5 7. Nb3 b5 8. Bg5 Nbd7 9. f3 Qb6 10. Qd2 Bb7 11. O-O-O Be7 12. g4 h6 13. Be3 Qc7 14. h4 b4 15. Na4 Rc8 16. g5 Nxe4 17. fxe4 Bxe4 18. Bd3 Bxh1 19. Rxh1 Qc6 20. Rg1 Qxa4 21. gxh6 gxh6 22. Kb1 Bxh4 23. Bf5 Ke7 24. Rd1 Qc6 25. Na5 Qc7 26. Qxb4 Rb8 27. Qxh4+ Nf6 28. Qa4 Rb5 29. Nb3 Rd5 30. Rxd5 Nxd5 31. Bc1 h5 32. Qh4+ f6 33. Qg3 Kf8 34. Be6 Ne7 35. Qh4 Ng8 36. Nd2 Qe7 37. Qh3 Nh6 38. Ne4 Nf7 39. Qf5 h4 40. Nxf6 h3 41. Bd5 h2 42. Bh1 Nd8 43. Qg6 Qf7 44. Bh6+ Ke7 45. Nd5+ Ke8 46. Qxd6 Ne6 47. Nc7+ Nxc7 48. Bc6+ 1-0

[Event "Manitoba-ch reserves"]
[Site "Winnipeg CAN"]
[Date "1998.02.14"]
[Round "2"]
[White "Xia, Yanchong"]
[Black "Ott, Richard"]
[Result "0-1"]
[WhiteElo "1323"]
[BlackElo "1445"]
[PlyCount "46"]
[GameId "2160767911873932"]
[EventDate "1998.02.14"]
[EventType "swiss"]
[EventRounds "5"]
[EventCountry "CAN"]
[SourceTitle "EXT 2002"]
[Source "ChessBase"]
[SourceDate "2001.11.25"]
[SourceVersion "1"]
[SourceVersionDate "2001.11.25"]
[SourceQuality "1"]

1. e4 c5 2. Nf3 d6 3. d4 cxd4 4. Nxd4 Nf6 5. Be2 e5 6. Nb3 Nxe4 7. O-O Be7 8. Re1 O-O 9. Bf3 Ng5 10. Nc3 Nxf3+ 11. Qxf3 Nc6 12. Be3 Be6 13. Rad1 Qc8 14. Nd5 Bg4 15. Qg3 Bxd1 16. Na5 Re8 17. Bh6 g6 18. Nxc6 bxc6 19. Nxe7+ Rxe7 20. Rxd1 d5 21. Qg5 Qe6 22. Re1 Rae8 23. f4 f6 0-1

[Event "Manitoba-ch reserves"]
[Site "Winnipeg CAN"]
[Date "1998.02.14"]
[Round "3"]
[White "Cleto, Sam"]
[Black "Milord, Frank"]
[Result "1-0"]
[WhiteElo "1867"]
[BlackElo "1669"]
[PlyCount "41"]
[GameId "2160767911873933"]
[EventDate "1998.02.14"]
[EventType "swiss"]
[EventRounds "5"]
[EventCountry "CAN"]
[SourceTitle "EXT 2002"]
[Source "ChessBase"]
[SourceDate "2001.11.25"]
[SourceVersion "1"]
[SourceVersionDate "2001.11.25"]
[SourceQuality "1"]

1. d4 d6 2. e4 g6 3. Nf3 Nf6 4. Nc3 c6 5. h3 b5 6. Bd3 a6 7. O-O Bb7 8. Bg5 Nbd7 9. Re1 Qc7 10. e5 dxe5 11. dxe5 Nh5 12. Ne4 e6 13. g4 h6 14. gxh5 hxg5 15. hxg6 fxg6 16. Nd6+ Bxd6 17. exd6 Qd8 18. Rxe6+ Kf7 19. Re7+ Kg8 20. Nxg5 Qc8 21. Bxg6 1-0

[Event "Manitoba-ch reserves"]
[Site "Winnipeg CAN"]
[Date "1998.02.15"]
[Round "4"]
[White "Hassain, Mahmud"]
[Black "Sumabon, Tony"]
[Result "1-0"]
[WhiteElo "1918"]
[BlackElo "1706"]
[PlyCount "41"]
[GameId "2160767911873934"]
[EventDate "1998.02.14"]
[EventType "swiss"]
[EventRounds "5"]
[EventCountry "CAN"]
[SourceTitle "EXT 2002"]
[Source "ChessBase"]
[SourceDate "2001.11.25"]
[SourceVersion "1"]
[SourceVersionDate "2001.11.25"]
[SourceQuality "1"]

1. e4 c6 2. d4 d5 3. Nd2 dxe4 4. Nxe4 Bf5 5. Ng3 Bg6 6. Nh3 Nf6 7. Nf4 e6 8. h4 Be7 9. c3 Nbd7 10. h5 Bf5 11. Nxf5 exf5 12. Bd3 Qa5 13. b4 Qb6 14. Bxf5 O-O 15. Be3 Qc7 16. Qf3 a5 17. bxa5 Rxa5 18. Bc2 c5 19. Rc1 cxd4 20. cxd4 Ba3 21. Bxh7+ 1-0

[Event "Manitoba-ch reserves"]
[Site "Winnipeg CAN"]
[Date "1998.02.15"]
[Round "4"]
[White "Penner, Wesley"]
[Black "Pratt, Robert"]
[Result "1-0"]
[WhiteElo "1791"]
[BlackElo "1313"]
[PlyCount "61"]
[GameId "2160767911873935"]
[EventDate "1998.02.14"]
[EventType "swiss"]
[EventRounds "5"]
[EventCountry "CAN"]
[SourceTitle "EXT 2002"]
[Source "ChessBase"]
[SourceDate "2001.11.25"]
[SourceVersion "1"]
[SourceVersionDate "2001.11.25"]
[SourceQuality "1"]

1. e4 d6 2. d4 Nf6 3. Nc3 g6 4. f4 Bg7 5. Nf3 O-O 6. Be2 Nbd7 7. O-O e6 8. h3 d5 9. e5 Ne4 10. Nxe4 dxe4 11. Nd2 b6 12. Nxe4 Bb7 13. Bf3 Rc8 14. Nf6+ Nxf6 15. Bxb7 Rb8 16. exf6 Bxf6 17. Bf3 Bxd4+ 18. Kh1 c5 19. c3 Bg7 20. Qxd8 Rfxd8 21. Be3 a5 22. Rad1 Rf8 23. Rd7 c4 24. Rfd1 b5 25. Ba7 Rbc8 26. Bb7 b4 27. Bxc8 Rxc8 28. Rd8+ Rxd8 29. Rxd8+ Bf8 30. Bc5 Kg7 31. Bxf8+ 1-0

[Event "Manitoba-ch reserves"]
[Site "Winnipeg CAN"]
[Date "1998.02.15"]
[Round "4"]
[White "Sekhar, Ganesan"]
[Black "Cleto, Sam"]
[Result "0-1"]
[WhiteElo "1967"]
[BlackElo "1867"]
[PlyCount "68"]
[GameId "2160767911873936"]
[EventDate "1998.02.14"]
[EventType "swiss"]
[EventRounds "5"]
[EventCountry "CAN"]
[SourceTitle "EXT 2002"]
[Source "ChessBase"]
[SourceDate "2001.11.25"]
[SourceVersion "1"]
[SourceVersionDate "2001.11.25"]
[SourceQuality "1"]

1. d4 Nf6 2. c4 g6 3. Nc3 Bg7 4. e4 d6 5. f3 a6 6. Be3 O-O 7. Bd3 Nbd7 8. Nge2 e5 9. d5 c6 10. Qd2 Nc5 11. Bc2 cxd5 12. cxd5 b5 13. b4 Ncd7 14. a4 bxa4 15. Nxa4 Rb8 16. O-O Nh5 17. Rab1 Qh4 18. g3 Qd8 19. Nec3 f5 20. Bf2 Ndf6 21. Bd3 fxe4 22. Nxe4 Bh3 23. Rfc1 Nxe4 24. Bxe4 Nf6 25. Bd3 Qe8 26. Nb6 e4 27. Bxa6 exf3 28. Rc6 Ne4 29. Qe3 Nxf2 30. Qxf2 Bd4 31. Qxd4 f2+ 32. Qxf2 Rxf2 33. Kxf2 Qe4 34. Rd1 Rf8+ 0-1

[Event "Manitoba-ch reserves"]
[Site "Winnipeg CAN"]
[Date "1998.02.15"]
[Round "5"]
[White "Cleto, Sam"]
[Black "Wierda, John"]
[Result "1/2-1/2"]
[WhiteElo "1867"]
[BlackElo "1843"]
[PlyCount "60"]
[GameId "2160767911873937"]
[EventDate "1998.02.14"]
[EventType "swiss"]
[EventRounds "5"]
[EventCountry "CAN"]
[SourceTitle "EXT 2002"]
[Source "ChessBase"]
[SourceDate "2001.11.25"]
[SourceVersion "1"]
[SourceVersionDate "2001.11.25"]
[SourceQuality "1"]

1. d4 Nf6 2. Nf3 e6 3. c4 c5 4. Nc3 cxd4 5. Nxd4 Bb4 6. Qc2 O-O 7. a3 Bxc3+ 8. Qxc3 Ne4 9. Qc2 d5 10. e3 Nc6 11. b4 Ne5 12. Be2 Nf6 13. c5 a6 14. Bb2 Qc7 15. O-O Nfg4 16. Bxg4 Nxg4 17. Nf3 f6 18. h3 Ne5 19. Nd2 Bd7 20. f4 Ng6 21. Nf3 Ne7 22. Qf2 Nf5 23. g4 Ne7 24. Qh4 Ng6 25. Qg3 Rae8 26. h4 e5 27. fxe5 Nxe5 28. Nxe5 fxe5 29. Rxf8+ Kxf8 30. Qf3+ Kg8 1/2-1/2

[Event "Manitoba-ch reserves"]
[Site "Winnipeg CAN"]
[Date "1998.02.15"]
[Round "5"]
[White "Gushuliak, Justin"]
[Black "Sekhar, Ganesan"]
[Result "1-0"]
[WhiteElo "1754"]
[BlackElo "1967"]
[PlyCount "121"]
[GameId "2160767911873938"]
[EventDate "1998.02.14"]
[EventType "swiss"]
[EventRounds "5"]
[EventCountry "CAN"]
[SourceTitle "EXT 2002"]
[Source "ChessBase"]
[SourceDate "2001.11.25"]
[SourceVersion "1"]
[SourceVersionDate "2001.11.25"]
[SourceQuality "1"]

1. e4 e5 2. Nf3 d6 3. Bc4 Be7 4. d4 Nd7 5. dxe5 dxe5 6. Qd5 Nh6 7. Bxh6 O-O 8. Be3 Bb4+ 9. c3 c6 10. Qd1 Be7 11. O-O b5 12. Bb3 a5 13. a4 Qc7 14. Qc2 Ba6 15. Rd1 b4 16. Nbd2 h6 17. Nc4 Bb7 18. Rxd7 Qxd7 19. Nb6 Qc7 20. Nxa8 Rxa8 21. Rd1 c5 22. Bd5 Bxd5 23. Rxd5 f6 24. c4 b3 25. Qd2 Qc6 26. Rd7 Kf8 27. Qd5 Qxd5 28. Rxd5 Rb8 29. Bxc5 Bxc5 30. Rxc5 Rb4 31. Nd2 Rxa4 32. g3 Ra1+ 33. Kg2 a4 34. Ra5 Ra2 35. Nf1 Rxb2 36. Rxa4 Rc2 37. Rb4 b2 38. Ne3 Rd2 39. Kf1 g6 40. Ke1 Rd4 41. f3 f5 42. Rxb2 f4 43. gxf4 exf4 44. Nd5 Rxc4 45. Nxf4 g5 46. Ng6+ Kg7 47. Ne5 Rc1+ 48. Kf2 h5 49. Rb6 Rc2+ 50. Kg3 h4+ 51. Kh3 Rc3 52. Rg6+ Kh7 53. Rxg5 Kh6 54. Kxh4 Rc2 55. h3 Rc7 56. Rg6+ Kh7 57. Kg5 Rc5 58. Kf6 Rc3 59. Rg7+ Kh6 60. Nf7+ Kh5 61. Rh7# 1-0

[Event "Manitoba-ch reserves"]
[Site "Winnipeg CAN"]
[Date "1998.02.15"]
[Round "5"]
[White "Hassain, Mahmud"]
[Black "Milord, Frank"]
[Result "1-0"]
[WhiteElo "1918"]
[BlackElo "1669"]
[PlyCount "105"]
[GameId "2160767911873939"]
[EventDate "1998.02.14"]
[EventType "swiss"]
[EventRounds "5"]
[EventCountry "CAN"]
[SourceTitle "EXT 2002"]
[Source "ChessBase"]
[SourceDate "2001.11.25"]
[SourceVersion "1"]
[SourceVersionDate "2001.11.25"]
[SourceQuality "1"]

1. Nf3 d5 2. g3 b6 3. Bg2 Bb7 4. d4 e6 5. O-O Nd7 6. c4 c5 7. cxd5 Bxd5 8. Nc3 Bb7 9. d5 exd5 10. Nxd5 Ngf6 11. Ne5 Bxd5 12. Bxd5 Nxe5 13. Bxa8 Qxa8 14. Bf4 Nfd7 15. Qa4 Bd6 16. Rad1 Ke7 17. Rd2 Rd8 18. Rfd1 Bc7 19. Rxd7+ Rxd7 20. Rxd7+ Nxd7 21. Bxc7 Qb7 22. Bf4 b5 23. Qd1 Qc6 24. Qd3 g6 25. h4 f5 26. f3 c4 27. Qe3+ Qe6 28. Qa3+ Kf7 29. Qxa7 Qb6+ 30. Qxb6 Nxb6 31. Be5 Ke6 32. Bd4 Nd5 33. Kf2 Ne7 34. e4 fxe4 35. fxe4 Nc6 36. Bb6 Ne5 37. Bd4 h6 38. b3 cxb3 39. axb3 h5 40. Ke3 Nc6 41. Bb2 Nb4 42. Bc3 Nc6 43. Kf4 b4 44. Be1 Kf6 45. Bf2 Ke6 46. Bc5 Kf6 47. Bb6 Ke6 48. Kg5 Kf7 49. Kf4 Ke6 50. Ke3 Kd6 51. Kd3 Ke6 52. Bc7 Ne5+ 53. Bxe5 1-0

[Event "Manitoba-ch reserves"]
[Site "Winnipeg CAN"]
[Date "1998.02.15"]
[Round "5"]
[White "Ott, Richard"]
[Black "Pratt, Robert"]
[Result "1-0"]
[WhiteElo "1445"]
[BlackElo "1313"]
[PlyCount "61"]
[GameId "2160767911873940"]
[EventDate "1998.02.14"]
[EventType "swiss"]
[EventRounds "5"]
[EventCountry "CAN"]
[SourceTitle "EXT 2002"]
[Source "ChessBase"]
[SourceDate "2001.11.25"]
[SourceVersion "1"]
[SourceVersionDate "2001.11.25"]
[SourceQuality "1"]

1. d4 Nf6 2. c4 g6 3. Nc3 d6 4. e4 Bg7 5. f3 Nbd7 6. Be3 O-O 7. Qd2 b6 8. Nh3 c5 9. Nf2 e5 10. d5 a6 11. Bg5 Qe8 12. g4 Kh8 13. h4 Ng8 14. h5 Ndf6 15. h6 Nxh6 16. Bxh6 Ng8 17. Bxg7+ Kxg7 18. Nd3 f6 19. Qh2 h6 20. O-O-O Kf7 21. Be2 Ke7 22. f4 Kd8 23. fxe5 fxe5 24. Rdf1 Nf6 25. Qxh6 Bxg4 26. Bxg4 Ra7 27. Qg5 Qe7 28. Qxg6 Kc7 29. Nxe5 Qxe5 30. Qg7+ Nd7 31. Qxd7+ 1-0

[Event "Manitoba-ch reserves"]
[Site "Winnipeg CAN"]
[Date "1998.02.15"]
[Round "5"]
[White "Trueman, Francis"]
[Black "Xia, Yanchong"]
[Result "0-1"]
[WhiteElo "1515"]
[BlackElo "1323"]
[PlyCount "118"]
[GameId "2160767911873941"]
[EventDate "1998.02.14"]
[EventType "swiss"]
[EventRounds "5"]
[EventCountry "CAN"]
[SourceTitle "EXT 2002"]
[Source "ChessBase"]
[SourceDate "2001.11.25"]
[SourceVersion "1"]
[SourceVersionDate "2001.11.25"]
[SourceQuality "1"]

1. Nf3 d5 2. d3 Nc6 3. Nbd2 g6 4. g3 Bg7 5. Bg2 e6 6. O-O Nge7 7. Re1 O-O 8. e4 Re8 9. e5 f6 10. d4 fxe5 11. dxe5 Nf5 12. Nb3 Bd7 13. Bg5 Nce7 14. g4 Nh6 15. Qd2 Nf7 16. Qb4 b6 17. Bd2 c5 18. Qf4 Rf8 19. Qe3 Nc6 20. c3 Nfxe5 21. h3 Nc4 22. Qe2 e5 23. Qd1 e4 24. Bg5 Bf6 25. Qxd5+ Kg7 26. Rxe4 Bxg5 27. Rxc4 Bf6 28. g5 Be7 29. Rd1 Be6 30. Qxe6 Qxd1+ 31. Kh2 Qd6+ 32. Qxd6 Bxd6+ 33. Kg1 Rae8 34. Nbd2 Ne5 35. Re4 Nd3 36. Nc4 Bc7 37. Nfd2 Rxe4 38. Bxe4 Nxf2 39. Bg2 Nd3 40. Nb3 b5 41. Ncd2 c4 42. Nd4 a6 43. Bb7 Bf4 44. N2f3 Nc5 45. Bc6 Kh8 46. Bd5 Rd8 47. Bc6 Bc1 48. Ne5 Rf8 49. b3 cxb3 50. axb3 Be3+ 51. Kg2 Bxd4 52. cxd4 Nxb3 53. d5 Nc5 54. d6 b4 55. Bd5 b3 56. d7 b2 57. Ba2 Kg7 58. Kg3 Ne4+ 59. Kg4 Nc3 0-1